Регионална библиотека "Любен Каравелов" - Русе

Развитие на формите на организация и методите за ръководство на промишлеността в Народна република България (Запис номер 151660)

MARC детайли
000 -Лидер
Контролно поле с фиксирана дължина 01296nam a2200313 c 4500
003 - Код на организацията, давaща контролен номер
Контролно поле BLK
005 - Дата и час на последна редакция
Контролно поле 20180420233944.0
008 - Елементи от данни с фиксирана дължина
fixed length control field 180410b bul|||||r ||||||| ||bul||
010 ## - Наследен системен номер
LC control number KNG00158065000
040 ## - Източник на каталожния запис
Идентификатор на билиотеката - собственик на записа BLK
041 ## - Код за език
Код за езика на текст/звукозапис или на отделно заглавие Български
Код за езика КДБФ Български
080 ## - УДК
Текстов определител УДК Икономика на промишлеността. Промишлено производство
УДК код - определител по УДК 338.45
УДК определител
УДК - код + определител 338.45
100 1# - Редна дума - Автор
Автор Брадистилов, Добри Стоев
Авторска отговорност първи автор
R(LIN) 329720
139 ## - Редно поле
Редна дума Брадистилов, Добри Стоев
Авторски знак Бр - Б 75
245 10 - Сведения за заглавието
Заглавие Развитие на формите на организация и методите за ръководство на промишлеността в Народна република България
Редно поле (дума) Добри Стоев Брадистилов.
257 ## - Страна на издаване
Страна на създаване/издаване България
260 ## - Област на издателските данни
-- София
Име на издателя, разпространителя и проч. БКП
Година на издаване 1960
300 ## - Физическа характеристика
Страници 95 с.
Размери/Мащаб 22 см
380 ## - Жанр
Жанр Обществени науки
500 ## - Общи забележки
Забележка 1 600 тир.
650 #4 - Допълнително описание по предмет – тема
Основно описание – тема или топоним Промишленост - България
9 (RLIN) 290191
653 ## - Ключова дума – ненормативна
Ключова дума промишленост
653 ## - Ключова дума – ненормативна
Ключова дума България
852 ## - Местоположение
Форматна сигнатура Цб 16916
856 4# - Електронен адрес и достъп
Електронен формат pdf - файл
Път до файла /url/
856 4# - Електронен адрес и достъп
Електронен формат pdf - файл
Път до файла /url/
942 ## - АРТИКУЛИ
Вид на библиотечния материал Книги
Скрит в OPAC Не
944 ## - СЪЗДАВАНЕ И РЕДАКЦИЯ на ЗАПИСА
Създаване/Редакция Създаване
Дата на регистрацията/редакция 17.03.2014
Статус, дата на статуса 17.03.2014 - от С1,Р / 17.03.2014
Служител, извършил регистрацията/редакцията Грета_Цуфелде
944 ## - СЪЗДАВАНЕ И РЕДАКЦИЯ на ЗАПИСА
Създаване/Редакция Редакция
Дата на регистрацията/редакция 17.03.2014
Статус, дата на статуса 17.03.2014 - от С1,Р / 17.03.2014
Служител, извършил регистрацията/редакцията
999 ## - СИСТЕМНИ КОНТРОЛНИ НОМЕРА
Koha biblionumber 151660
Koha biblioitemnumber 151660
Наличности
Код за отписване Код за изгубен артикул Източник на класификационната схема Код за повреда Коз за рестрикции Код за отдаване Артикулен № Име на библиотеката - собственик Име на библиотеката, в която се намира в момента Статус (Текущо местоположение) Дата на вписване в системата Местоположение - отдел Цена в лева Инвентарен номер Систематично азбучна сигнатура Баркод Номер на екземпляра Цена в евро Служебна бележка Служебен тип на артикула
Изтеглен Не е изгубен Universal Decimal Classification Не е повреден без рестрикции заемане за дома 253305 Регионална библиотека "Любен Каравелов" Русе Регионална библиотека "Любен Каравелов" Русе Заемна - подръчен фонд 1960-01-01 Заемна - подръчен фонд 0.00 7902/60 П 330/Б 25 7902/60 1 0.00 N: стар фонд Дата: 01.01.1960 Книги
  Не е изгубен Universal Decimal Classification Не е повреден само за читалня ползва се в читалня 869648 Регионална библиотека "Любен Каравелов" Русе Регионална библиотека "Любен Каравелов" Русе Хранилище 2022-02-06 Хранилище 0.18 7592/60 Цб 16916 900000085244   0.09   Книги
Vip Innovations Ltd, Rousse, Bulgaria 2025